UFC Middleweight Rankings - Statistics

General Stats
  • This quiz has been taken 149 times
  • The average score is 7 of 16
Answer Stats
Rank Fighter % Correct
C Israel Adesanya
98%
1 Robert Whittaker
89%
2 Paulo Costa
75%
3 Marvin Vettori
73%
15 Sean Strickland
65%
4 Jared Cannonier
60%
8 Kelvin Gastelum
57%
5 Derek Brunson
49%
6 Darren Till
38%
7 Jack Hermansson
33%
12 Kevin Holland
33%
9 Uriah Hall
28%
11 Chris Weidman
23%
14 Brad Tavares
17%
13 Omari Akhmedov
7%
10 Edmen Shahbayzan
4%
No matching quizzes found
Score Distribution
Percent of People with Each Score
Percentile by Number Answered
Your Score History
You have not taken this quiz